Breve historia del Ejército Otomano /
Gespeichert in:
| 1. Verfasser: | |
|---|---|
| Format: | Elektronisch E-Book |
| Sprache: | Spanisch |
| Veröffentlicht: |
Madrid :
Nowtilus,
[2023]
|
| Schriftenreihe: | Breve historia (Ediciones Nowtilus S.L.)
Breve historia de los ejércitos ; 5. |
| Schlagworte: | |
| Online-Zugang: | Digitalia Hispánica |
| Tags: |
Tag hinzufügen
Keine Tags, Fügen Sie den ersten Tag hinzu!
|
MARC
| LEADER | 00000nam a2200000Ii 4500 | ||
|---|---|---|---|
| 001 | DIGNOWT0454 | ||
| 003 | NyNyDIG | ||
| 006 | m o d | ||
| 007 | cr ||||||||||| | ||
| 008 | 250707s2023 sp a ob 000 0 spa d | ||
| 035 | |a (OCoLC)1481166086 | ||
| 040 | |a DGITA |b eng |e rda |e pn |c DGITA | ||
| 020 | |a 9788413053318 |q edición digital | ||
| 020 | |z 9788413053295 | ||
| 043 | |a -tu--- | ||
| 050 | 1 | 4 | |a DR448 ebook |
| 100 | 1 | |a Moreno Sanz, Vicente, |e author. | |
| 245 | 1 | 0 | |a Breve historia del Ejército Otomano / |c Vicente Moreno Sanz. |
| 246 | 3 | 0 | |a Ejército Otomano |
| 264 | 1 | |a Madrid : |b Nowtilus, |c [2023] | |
| 300 | |a 1 online resource : |b illustrations. | ||
| 336 | |a text |b txt |2 rdacontent | ||
| 337 | |a computer |b c |2 rdamedia | ||
| 338 | |a online resource |b cr |2 rdacarrier | ||
| 347 | |a text file |2 rdaft | ||
| 347 | |b EPUB | ||
| 490 | 1 | |a Colección: Breve Historia | |
| 490 | 1 | |a Breve historia de los ejércitos ; |v 5 | |
| 504 | |a Includes bibliographical references. | ||
| 588 | 0 | |a Online resource; title from ePub title page (Digitalia, viewed July 7, 2025) | |
| 651 | 0 | |a Turkey |x History, Military. | |
| 791 | 2 | |a Digitalia (Firm), |e distributor. | |
| 793 | 0 | |g Digitalia eBook Collection: |a Ediciones Nowtilus | |
| 776 | 0 | 8 | |i Print version: |a Moreno Sanz, Vicente. |t Breve historia del Ejército Otomano. |d Madrid : Nowtilus, [2023] |z 9788413053295 |
| 830 | 0 | |a Breve historia (Ediciones Nowtilus S.L.) | |
| 830 | 0 | |a Breve historia de los ejércitos ; |v 5. | |
| 856 | 4 | 0 | |3 Digitalia Hispánica |u https://digitalia.unach.elogim.com/a/171982/ |
| 910 | |a Premium collection: 2025 | ||